Statistics for 2013 Miami Heat Roster

Click here to take the quiz!

General Stats

  • This quiz has been taken 289 times
  • The average score is 9 of 18

Answer Stats

Player% Correct
LeBron James
100%
Dwyane Wade
99%
Chris Bosh
97%
Mario Chalmers
76%
Ray Allen
73%
Udonis Haslem
67%
Chris Andersen
60%
Shane Battier
56%
Mike Miller
54%
Norris Cole
52%
James Jones
38%
Joel Anthony
34%
Rashard Lewis
30%
Juwan Howard
18%
Dexter Pittman
12%
Terrel Harris
7%
Jarvis Varnado
6%
Josh Harrellson
4%

Score Distribution

Percentile by Number Answered

Percent of People with Each Score

Your Score History

You have not taken this quiz